Best ever signings of 2025/26 Premier League Clubs - Statistics

General Stats
  • This quiz has been taken 49 times
  • The average score is 8 of 20
Answer Stats
Signed For Signed From Nationality Player % Correct
Arsenal Juventus France Thierry Henry
100%
Manchester City VfL Wolfsburg Belgium Kevin De Bruyne
78%
Manchester United Cregagh Boys Club Northern Ireland George Best
67%
Tottenham Hotspur Watford Academy England Harry Kane
64%
Newcastle United Blackburn Rovers England Alan Shearer
62%
Crystal Palace Queens Park Rangers England Eberechi Eze
58%
Liverpool Celtic Scotland Kenny Dalglish
58%
Brentford Peterborough United England Ivan Toney
56%
Chelsea West Ham United Academy England John Terry
56%
Bournemouth Coventry City England Callum Wilson
38%
Fulham Blackburn Rovers Scotland Tom Cairney
36%
Brighton & Hove Albion Bournemouth England Glen Murray
24%
West Ham United Barking Academy England Bobby Moore
16%
Burnley Brighton & Hove Albion England Ashley Barnes
13%
Nottingham Forest Stoke City England Peter Shilton
11%
Leeds United Manchester United Republic of Ireland Johnny Giles
7%
Wolverhampton Wanderers West Bromwich Albion England Steve Bull
7%
Sunderland Bishop Auckland England Bobby Gurney
4%
Everton Dumbarton Scotland Graeme Sharp
4%
Aston Villa Newcastle United England Peter Withe
4%
No matching quizzes found
Score Distribution
Percent of People with Each Score
Percentile by Number Answered
Your Score History
You have not taken this quiz